000 01070nam a22002417a 4500
003 BD-DhSAU
005 20181202155623.0
008 160731b2015 bg ||||| |||| 001 0 eng d
040 _aBD-DhSAU
082 _222
_a310
_bSi134
100 _aSiddiqua , Marufa
_eRegistration # 10-03959
245 _aGeneral banking operation: A study of Agrani Bank Limited, Shawrapara Branch, Dhaka /
_bMS Thesis
_cSiddiqua , Marufa
260 _aSher-e-Bangla Agricultural Uniersity :
_bDepartment of Agricultural Statistics
_c2015
300 _aiii, 58p. :
_bill. ;
_c30 cm.
500 _aMS thesis of Department of Agricultural Statistics , Faculty of Agribusiness Management, Sher-e-Bangla Agricultural University, Dhaka, Bangladesh
590 _aShofi
650 _aAgricultural Statistics
650 _aGeneral banking operation
650 _aAgrani Bank Limited, Shawrapara Branch,
_z Dhaka
700 _aSammy , Hasan Mahammad
_eSupervisor
856 _uhttp://archive.saulibrary.edu.bd:8080/xmlui/handle/123456789/1894
_yOnline Access
942 _2ddc
_cTHESIS
999 _c14292
_d14291